| 000 | 00675nam a2200229Ia 4500 | ||
|---|---|---|---|
| 005 | 20260429111934.0 | ||
| 008 | 260429s9999||||xx |||||||||||||| ||und|| | ||
| 020 | _a9789388540261 | ||
| 041 | _aEnglish | ||
| 082 |
_a954.83 _bHIT |
||
| 100 | _aHitchcock, R.H. | ||
| 245 | 0 |
_aPeasant revolt in Malabar : _ba history of the Malabar rebellion, 1921 / _cR.H. Hitchcock |
|
| 250 | _a1st ed. | ||
| 260 |
_aNew Delhi : _bManohar Publishers and Distributors, _c2023. |
||
| 300 | _a340 p.; hb | ||
| 650 | _a Agrarian history | ||
| 650 | _a Colonial India | ||
| 650 | _a Kerala-History | ||
| 650 | _a Peasant movements | ||
| 650 | _aMalabar Rebellion, 1921 | ||
| 942 | _cTB | ||
| 999 |
_c51523 _d51523 |
||